Rizoma: introducción

Sparad:
Bibliografiska uppgifter
Huvudupphovsmän: Deleuze, Gilles (Författare, medförfattare), Guattari, Félix (Författare, medförfattare)
Materialtyp: Bok
Språk:spanska
Publicerad: Valencia Pre-Textos 1977
Upplaga:1a. ed
Serie:Pre-Textos, Ensayo, 3
Ämnen:
Taggar: Lägg till en tagg
Inga taggar, Lägg till första taggen!

MARC

LEADER 00000nam a2200000 a 4500
001 UCO5639
003 CL-VaPUC
008 000908e19770000SP |||||||||||||||||spa|d
020 |a 8485081021 
082 0 4 |a 194  |b DEL  |2 21 
100 0 |a Deleuze, Gilles  |e author  |9 450351 
700 |a Guattari, Félix  |e author  |9 493160 
245 1 0 |a Rizoma: introducción 
250 |a 1a. ed 
300 |a 57 p 
942 |c BK 
945 |d 20000908 00:00:00  |a rbrito 
260 |a Valencia  |b Pre-Textos  |c 1977 
650 0 |a Filosofía francesa   |9 255698 
583 |a last modification  |c 20000908 00:00:00  |k Rodrigo Vera 
490 0 |a Pre-Textos, Ensayo, 3 
999 |c 291487  |d 291485 
952 |0 0  |1 0  |4 0  |6 194_000000000000000_DEL_1977  |7 0  |8 A  |9 341350  |a BIBARQ  |b BIBARQ  |d 2019-11-20  |i 3625001  |o 194 DEL 1977  |p 3625001  |r 2025-01-20  |w 2019-11-20  |y BK  |k ARQ 
952 |0 0  |1 0  |4 0  |6 194_000000000000000_DEL_1977  |7 0  |8 A  |9 341351  |a BIBEDU  |b BIBEDU  |d 2019-11-20  |i 4141105  |o 194 DEL 1977  |p 4141105  |r 2019-11-20  |w 2019-11-20  |y BK  |k FIL